00306 2200133 4500001002100000005001500021035002000036245004200056100002000098300001200118260002200130082000800152990001200160INLIS00000000000207120250527094552 a0010-05250003631 aMenjadi Sang Idola /cZaid Ali Mahmud0 aZaid Ali Mahmud a163 hlm bDiva Press,c2004 a813 a0712678